Pays en T - Statistiques

Statistiques générales
  • Ce quiz a été pris 74 fois
    38 depuis la dernière actualisation
  • Le résultat moyen est 9 sur 13
Statistiques - réponses
Hint Réponse % Correct
Il se trouve en Afrique Tanzanie
81%
Il se trouve en Asie Tadjikistan
73%
Il se trouve en Europe Turquie
73%
Il se trouve en Asie Turkménistan
70%
Il se trouve en Océanie Tuvalu
70%
Il se trouve en Afrique Tchad
68%
Il se trouve en Afrique Togo
68%
Il se trouve en Asie Thaïlande
65%
Il se trouve en Océanie Tonga
65%
Il se trouve en Afrique Tunisie
65%
Il se trouve en Amérique du nord Trinité-et-Tobago
62%
Il se trouve en Asie Timor
57%
Il se trouve en Asie Taiwan
54%
Aucun quiz correspondant
Distribution des résultats
% des personnes avec chaque résultat
Percentile par nombre de réponses
Votre historique - résultats
Vous n’avez pas pris ce quiz depuis la dernière actualisation